| 000 | 00725nam a2200289Ia 4500 | ||
|---|---|---|---|
| 005 | 20260324113446.0 | ||
| 008 | 008 260324s9999 xx 000 0 eng d | ||
| 020 | _a9781003367406 | ||
| 037 | _aEBOOK | ||
| 040 | _aCRL | ||
| 040 | _beng | ||
| 040 | _cCRL | ||
| 041 | _2eng | ||
| 041 | _aeng | ||
| 084 | _qCRL | ||
| 100 |
_aAndrew Manson _91146860 |
||
| 245 | 4 | _aThe 'Valiant Englishman' | |
| 245 | 0 | _bChristopher Bethell, Montshiwa’s Barolong and the Bechuanaland Wars, 1878–1886 | |
| 260 | _bTaylor and Francis | ||
| 260 | _c2023 | ||
| 365 | _a | ||
| 365 | _b160 | ||
| 856 | _uhttp://www.taylorfrancis.com/books/9781003367406 | ||
| 942 | _cEBOOK | ||
| 999 |
_c1736519 _d1736519 |
||